Les Villes des Finales de la Ligue des champions - Statistiques

Statistiques générales
  • Ce quiz a été pris 118 fois
  • Le résultat moyen est 23 sur 27
Statistiques - réponses
Ville Pays Nombre de finales Saisons % Correct
Londres Angleterre 8 1962-1963; 1967-1968; 1970-1971; 1977-1978; 1991-1992; 2010-2011; 2012-2013; 2023-2024
99%
Paris France 6 1955-1956; 1974-1975; 1980-1981; 1999-2000; 2005-2006; 2021-2022
99%
Bruxelles Belgique 4 1957-1958; 1965-1966; 1973-1974; 1984-1985
98%
Madrid Espagne 5 1956-1957; 1968-1969; 1979-1980; 2009-2010; 2018-2019
98%
Rome Italie 4 1976-1977; 1983-1984; 1995-1996; 2008-2009
98%
Athènes Grèce 3 1982-1983; 1993-1994; 2006-2007
97%
Barcelone Espagne 2 1988-1989; 1998-1999
97%
Milan Italie 4 1964-1965; 1969-1970; 2000-2001; 2015-2016
97%
Munich Allemagne 4 1978-1979; 1992-1993; 1996-1997; 2011-2012; 2024-2025
97%
Lisbonne Portugal 3 1966-1967; 2013-2014; 2019-2020
96%
Amsterdam Pays-Bas 2 1961-1962; 1996-1997
95%
Kiev Ukraine 1 2017-2018
94%
Porto Portugal 1 2020-2021
94%
Istanbul Turquie 2 2004-2005; 2022-2023
93%
Moscou Russie 1 2007-2008
93%
Vienne Autriche 4 1963-1964; 1986-1987; 1989-1990; 1994-1995
93%
Berlin Allemagne 1 2014-2015
92%
Glasgow Ecosse 3 1959-1960; 1975-1976; 2001-2002
89%
Manchester Angleterre 1 2002-2003
86%
Séville Espagne 1 1985-1986
85%
Berne Suisse 1 1960-1961
83%
Rotterdam Pays-Bas 2 1971-1972; 1981-1982
82%
Belgrade Serbie 1 1972-1973
77%
Cardiff Pays de Galles 1 2016-2017
74%
Stuttgart Allemagne 2 1958-1959; 1987-1988
47%
Bari Italie 1 1990-1991
34%
Gelsenkirchen Allemagne 1 2003-2004
28%
Aucun quiz correspondant
Distribution des résultats
% des personnes avec chaque résultat
Percentile par nombre de réponses
Votre historique - résultats
Vous n’avez pas pris ce quiz